00585nam a22002057a 45000010008000000030009000080050017000170070008000340080040000420200015000820400022000971000018001192450087001372600037002243000027002614900017002887000016003057000041003218300017003620011710DO-SdBNP20180201094546.00011710161102b 1978 sp||||| |||| 00| 0 spa d a8439983093 aBPMSUbspacBPMSU1 aM. Boberg, A.10aMacramé /cA. M. Boberg, E. Svennas ; traducción Lilian Rasmussen de Bengtsson aBuenos Aires :bKapelusz,c1978. a94 p. :bil. ;c22 cm.1 aCómo hacer1 aSvennas, E.12aRasmussen Bengtsson, Lilian de,etr. 0aCómo hacer